000 00780nam a2200229Ii 4500
003 JO-AjNU
008 230605s9999||||xx |||||||||||||| ||und||
017 _a2006/2/252
020 _a9957-38-063-X
040 _aJO-AjNU
_bara
_erda
_cJO-AjNU
041 _aara
050 1 4 _aLA1045.A2878 2006
100 3 _aأبو شعيرة، خالد,
_eauthor
_941022
245 0 0 _aالتربية المهنية بين الفكر التربوي الإسلامي والفكر التربوي الحديث
250 _aط1
264 3 1 _aعمان:دار جرير،2006
300 _a207ص
336 _atext
_btxt
_2rdacontent
337 _aunmediated
_bn
_2rdamedia
338 _avolume
_bnc
_2rdacarrier
650 4 _aالتعليم المهني-التربية الإسلامية
_941023
999 _aA17455
_c21023
_d21023